| 000 | 00547cam a22002174a 4500 | ||
|---|---|---|---|
| 005 | 20250605164251.0 | ||
| 008 | 250528s ||||||||||||||||||||||||d | ||
| 035 | _a21749 | ||
| 020 | _a9789602189313 | ||
| 040 |
_aGR-AtMCL _bgre _dGR-AtMCL _eAACR2 |
||
| 245 | 1 | _aΕΙΣΑΓΩΓΗ ΣΤΗΝ ΠΛΗΡΟΦΟΡΙΚΗ | |
| 250 | _a1 | ||
| 260 |
_bΚριτική, _c2014 |
||
| 300 | _a522 | ||
| 700 | 1 |
_aEvans Alan _97677 |
|
| 700 | 1 |
_aMartin Kendall _97678 |
|
| 700 | 1 |
_aPoatsy Mary Anne _97679 |
|
| 942 | _cBK | ||
| 999 |
_c6808 _d6808 |
||